পঞ্চগড় : ইতিহাস ও লোকঐতিহ্য / (Record no. 32352)

MARC details
000 -LEADER
fixed length control field 00893nam a22002177a 4500
003 - CONTROL NUMBER IDENTIFIER
control field BDDh-ASL
005 - DATE AND TIME OF LATEST TRANSACTION
control field 20231015031359.0
008 - FIXED-LENGTH DATA ELEMENTS--GENERAL INFORMATION
fixed length control field 230508s2014 bg ||||| |||| 00| 0 ben d
040 ## - CATALOGING SOURCE
Original cataloging agency BDDh-ASL
Transcribing agency BDDh-ASL
041 ## - LANGUAGE CODE
Language code of text/sound track or separate title ben
082 ## - DEWEY DECIMAL CLASSIFICATION NUMBER
Classification number 954.9286
Item number HAP
100 1# - MAIN ENTRY--PERSONAL NAME
Personal name হক, নাজমুল
Titles and words associated with a name ড.
9 (RLIN) 8223
245 10 - TITLE STATEMENT
Title পঞ্চগড় : ইতিহাস ও লোকঐতিহ্য /
246 ## - VARYING FORM OF TITLE
Title proper/short title Panchagarh : Itihas O Lokooitijjho by Dr. Nazmul Haque
260 ## - PUBLICATION, DISTRIBUTION, ETC.
Place of publication, distribution, etc. ঢাকা:
Name of publisher, distributor, etc. গতিধারা,
Date of publication, distribution, etc. 2014.
300 ## - PHYSICAL DESCRIPTION
Extent 319 p. :
Dimensions 22 cm.
500 ## - GENERAL NOTE
General note গ্রন্থপঞ্জি ও নির্ঘন্ট সংযুক্ত।
504 ## - BIBLIOGRAPHY, ETC. NOTE
Bibliography, etc. note গ্রন্থপঞ্জি ও নির্ঘন্ট সংযুক্ত।
651 #0 - SUBJECT ADDED ENTRY--GEOGRAPHIC NAME
Geographic name Panchagarh (পঞ্চগড় )
Geographic subdivision Bangladesh (বাংলাদেশ)
9 (RLIN) 8224
942 ## - ADDED ENTRY ELEMENTS (KOHA)
Source of classification or shelving scheme Dewey Decimal Classification
Koha item type Books
Holdings
Withdrawn status Lost status Source of classification or shelving scheme Damaged status Not for loan Collection code Home library Current library Shelving location Date acquired Source of acquisition Total Checkouts Full call number Barcode Date last seen Copy number Price effective from Koha item type Public note
    Dewey Decimal Classification     Non-fiction Asiatic Society Library Asiatic Society Library General Stacks 05/08/2023 Amar Ekushey Book Fair 2022   954.9286 HAP 121187 05/08/2023 C-1 05/08/2023 Books Y-2014

Powered by Koha